000 00558nam a22002417a 4500
003 UA-OsUOA
001 125642
007 ta
008 20170922b un ||||| |||| 00| 0 ukr d
100 _aАкунин Б.
090 _a821.161.1
_bА44
942 _cBK
040 _aUA-OsUOA
_brus
_cUA-OsUOA
_dUA-OsUOA
245 _aЧерный Город
_bроман
300 _a368 с.
955 _a3
041 _arus
080 _a821.161.1
020 _a978-5-8159-1145-1
260 _aМ.
_bЗахаров
_c2012
650 7 _2UDC
999 _c412901
_d412901